000
00314nam a2200121Ia 4500
005
20251222143303.0
008
251222s9999||||xx |||||||||||||| ||spa||
082
_a
460.85/M63
100
_a
Miranda, Luis
245
0
_a
La Enseñanza del Castellano en el Perú:
264
_b
Universidad Ricardo Palma
942
_c
LIB
999
_c
15424
_d
15424